Me Encantaría - Abraham Mateo, Belinda - Estadísticas

Estadísticas generales
  • Esta prueba ha sido intentada 29 veces
  • La puntuación promedio es 167 de 248
Estadísticas de respuestas
Letra % Correcto
a
100%
cómo
100%
con
100%
el
100%
en
100%
encantaría
100%
es
100%
la
100%
La
100%
lo
100%
me
100%
Me
100%
100%
mi
100%
No
100%
no
100%
pa
100%
Por
100%
que
100%
qué
100%
Que
100%
Si
100%
si
100%
ti
100%
tu
100%
100%
un
100%
una
100%
ve
100%
ver
100%
y
100%
Y
100%
yo
100%
al
67%
conmigo
67%
contigo
67%
corazón
67%
de
67%
día
67%
ellas
67%
noche
67%
pasa?
67%
Quiero
67%
67%
se
67%
Se
67%
67%
su
67%
te
67%
tengo
67%
Ven
67%
vienes
67%
acurrúcate
33%
anormal
33%
bailo
33%
Belinda
33%
beso
33%
Cada
33%
cerveza
33%
cualquier
33%
cuerpo
33%
dentro
33%
Dios
33%
diste
33%
entiendas
33%
Estaba
33%
Estar
33%
estés
33%
estrellas
33%
exclusiva
33%
favor
33%
flamenquita
33%
flow
33%
haría
33%
hazle
33%
hoy
33%
igual
33%
juntar
33%
lento
33%
llama
33%
lleva
33%
lleve
33%
marca
33%
mío
33%
olor
33%
pasaría
33%
pégate
33%
pensamiento
33%
pintarme
33%
play
33%
puesto
33%
Quédate
33%
Quieres
33%
Recorrerte
33%
robó
33%
Saberme
33%
sea
33%
sepas
33%
Será
33%
siento
33%
stop
33%
tequila
33%
To
33%
Vistiendo
33%
belle
0%
Jeme
0%
sens
0%
update
0%
No se encontraron pruebas coincidentes
Distribución de puntuación
Porcentaje de gente con cada puntuación
Porcentaje por número respondido
Historial de tus puntuaciones
No has intentado esta prueba.